[Event "VIII Floripa Chess Open 2022 - LIRA - m"]
[Site "Lira Tênis Clube - Florianó"]
[Date "2022.01.24"]
[Round "1.121"]
[White "Ferreira, Thales Bond Dias"]
[Black "Monteiro, Samuel Ramazzotte"]
[Result "1-0"]
[WhiteElo "1970"]
[BlackElo "1338"]
[PlyCount "27"]
[EventDate "2022.01.24"]
[EventRounds "10"]
[EventCountry "BRA"]

1. d4 d5 2. c4 e6 3. Nc3 Nf6 4. cxd5 exd5 5. Bg5 Bf5 6. Qb3 Nc6 7. e3 Nb4 8.
Rc1 Bd3 9. a3 Bxf1 10. Kxf1 Nc6 11. Bxf6 gxf6 12. Qxb7 Ne7 13. Nb5 Rb8 {
ilegivel} 14. Nxc7+ 1-0

[Event "VIII Floripa Chess Open 2022 - LIRA - m"]
[Site "Lira Tênis Clube - Florianó"]
[Date "2022.01.24"]
[Round "1.122"]
[White "Morato, Saulo Duenas"]
[Black "Pontes, Israel Fillip Da Si"]
[Result "0-1"]
[WhiteElo "1331"]
[BlackElo "1967"]
[PlyCount "56"]
[EventDate "2022.01.24"]
[EventRounds "10"]
[EventCountry "BRA"]

1. d4 d5 2. c4 e6 3. Nc3 Be7 4. Nf3 Nf6 5. Bg5 O-O 6. e3 a6 7. Rc1 dxc4 8. Bxc4
b5 9. Bd3 Bb7 10. O-O Nbd7 11. Re1 c5 12. Re2 Qb6 13. Ne4 c4 14. Bb1 h6 15.
Bxf6 Nxf6 16. Nxf6+ Bxf6 17. Rec2 Rfd8 18. a3 e5 19. Re2 Bxf3 20. gxf3 exd4 21.
exd4 Rxd4 22. Qe1 Rdd8 23. Kg2 Qc5 24. b3 Qg5+ 25. Kh1 cxb3 26. Be4 Rac8 27.
Rxc8 Rxc8 28. Bb7 Rc1 0-1

[Event "VIII Floripa Chess Open 2022 - LIRA - m"]
[Site "Lira Tênis Clube - Florianó"]
[Date "2022.01.24"]
[Round "1.123"]
[White "Crespo Ruiz, Manuel Maria"]
[Black "Moretto, Leticia Soares"]
[Result "1-0"]
[WhiteElo "1967"]
[BlackElo "1331"]
[PlyCount "35"]
[EventDate "2022.01.24"]
[EventRounds "10"]
[EventCountry "BRA"]

1. e4 e5 2. Nf3 Nf6 3. d3 d6 4. Nbd2 Nbd7 5. c3 Be7 6. g3 O-O 7. Bg2 Nc5 8. Qc2
Be6 9. d4 exd4 10. cxd4 Ncd7 11. O-O Nb6 12. Re1 Re8 13. Nf1 Bc4 14. Ne3 Bb5
15. Ng5 h6 16. Nxf7 Kxf7 17. Qb3+ Kf8 18. Qxb5 1-0

[Event "VIII Floripa Chess Open 2022 - LIRA - m"]
[Site "Lira Tênis Clube - Florianó"]
[Date "2022.01.24"]
[Round "1.124"]
[White "Bernardo, Henrique Carvalho"]
[Black "Fontoura, Rogerio Lemos"]
[Result "0-1"]
[WhiteElo "1325"]
[BlackElo "1965"]
[PlyCount "44"]
[EventDate "2022.01.24"]
[EventRounds "10"]
[EventCountry "BRA"]

1. e4 e5 2. Nf3 Nc6 3. d4 exd4 4. Bc4 Bc5 5. c3 Nf6 6. e5 d5 7. Bb5 Ne4 8. cxd4
Bb6 9. Nc3 O-O 10. O-O Bg4 11. Bxc6 bxc6 12. Be3 f6 13. Qa4 Nxc3 14. bxc3 Bxf3
15. gxf3 fxe5 16. dxe5 Bxe3 17. fxe3 Qg5+ 18. Kf2 Qxe5 19. Qxc6 Rae8 20. Qc5
Rb8 21. Rab1 Qxh2+ 22. Ke1 Rxb1# 0-1

[Event "VIII Floripa Chess Open 2022 - LIRA - m"]
[Site "Lira Tênis Clube - Florianó"]
[Date "2022.01.24"]
[Round "1.125"]
[White "Ikejiri, Daniel Yoshito"]
[Black "Calcada, Henrique Galvan"]
[Result "1-0"]
[WhiteElo "1961"]
[BlackElo "1324"]
[PlyCount "47"]
[EventDate "2022.01.24"]
[EventRounds "10"]
[EventCountry "BRA"]

1. e4 c5 2. c3 g6 3. d4 cxd4 4. cxd4 d5 5. e5 Nc6 6. Nc3 Nh6 7. Bb5 a6 8. Ba4
b5 9. Bb3 e6 10. Nf3 Bg7 11. O-O Qb6 12. Ne2 O-O 13. Ng3 a5 14. Bg5 a4 15. Bc2
Nf5 16. Nxf5 exf5 17. Qd2 f6 18. exf6 Bxf6 19. Bxf6 Rxf6 20. Rfe1 Bd7 21. Rad1
Rd8 22. h4 Na5 23. Qh6 Qc7 24. Ng5 1-0

[Event "VIII Floripa Chess Open 2022 - LIRA - m"]
[Site "Lira Tênis Clube - Florianó"]
[Date "2022.01.24"]
[Round "1.126"]
[White "Barberi, Catarina"]
[Black "Bassani, Jaison Jose"]
[Result "0-1"]
[WhiteElo "1318"]
[BlackElo "1961"]
[PlyCount "49"]
[EventDate "2022.01.24"]
[EventRounds "10"]
[EventCountry "BRA"]

1. d4 Nf6 2. Nf3 g6 3. c4 Bg7 4. Nc3 O-O 5. e4 d6 6. Be2 Bg4 7. O-O Nfd7 8. Be3
c5 9. Rb1 Nc6 10. d5 Bxf3 11. Bxf3 Nd4 12. Be2 a6 13. a3 e6 14. b4 b6 15. Qd2
exd5 16. Nxd5 Re8 17. f3 h6 18. Bd1 Kh7 19. g4 Ne5 20. Rc1 Nec6 21. Kh1 Ra7 22.
Rb1 f5 23. exf5 Nxf5 24. Bg1 Qh4 {ilegivel, alguns erros na planilha} 25. Bf2
0-1

[Event "VIII Floripa Chess Open 2022 - LIRA - m"]
[Site "Lira Tênis Clube - Florianó"]
[Date "2022.01.24"]
[Round "1.127"]
[White "Haraguchi, Diego Sashaki"]
[Black "Bittencourt, Arian G Decezare"]
[Result "1-0"]
[WhiteElo "1953"]
[BlackElo "1316"]
[PlyCount "62"]
[EventDate "2022.01.24"]
[EventRounds "10"]
[EventCountry "BRA"]

1. d4 d5 2. Nf3 Nf6 3. g3 Bf5 4. Bg2 e6 5. O-O c5 6. c4 Nc6 7. cxd5 exd5 8. Nc3
Be7 9. dxc5 O-O 10. Bg5 d4 11. Na4 h6 12. Bf4 Qd7 13. Rc1 Rad8 14. Qb3 Be6 15.
Qa3 Nd5 16. Bd2 b5 17. b4 Bf6 18. Nb2 Rfe8 19. Nd3 Bh3 20. Rfe1 Bxg2 21. Kxg2
Re6 22. Nf4 Nxf4+ 23. Bxf4 Rde8 24. Rc2 d3 25. Rd2 Rxe2 26. Qxd3 Qxd3 27. Rxd3
Nxb4 28. Rb3 Nxa2 29. Rxb5 Nc3 30. Rb8 Kh7 31. c6 Nd5 1-0

[Event "VIII Floripa Chess Open 2022 - LIRA - m"]
[Site "Lira Tênis Clube - Florianó"]
[Date "2022.01.24"]
[Round "1.128"]
[White "De Brito, Gabrielly Rodrigues"]
[Black "Lima, Vinicius Taishun"]
[Result "0-1"]
[WhiteElo "1302"]
[BlackElo "1952"]
[PlyCount "48"]
[EventDate "2022.01.24"]
[EventRounds "10"]
[EventCountry "BRA"]

1. c4 c5 2. Nc3 Nc6 3. g3 g6 4. Bg2 Bg7 5. e4 e5 6. Nge2 Nge7 7. d3 O-O 8. O-O
d6 9. h3 Be6 10. Be3 h6 11. Kh2 Rb8 12. f4 Nd4 13. g4 f5 14. gxf5 gxf5 15. Nd5
Ng6 16. Bxd4 cxd4 17. exf5 Bxf5 18. Ng3 Nxf4 19. Nxf4 exf4 20. Rxf4 Be5 21. Rf3
Qh4 22. Qe1 Be6 23. c5 Rxf3 24. Bxf3 Qxh3+ 0-1

[Event "VIII Floripa Chess Open 2022 - LIRA - m"]
[Site "Lira Tênis Clube - Florianó"]
[Date "2022.01.24"]
[Round "1.129"]
[White "Frattini, Beatriz Maria"]
[Black "Cabral, Vivian De Paiva"]
[Result "1-0"]
[WhiteElo "1948"]
[BlackElo "1295"]
[PlyCount "49"]
[EventDate "2022.01.24"]
[EventRounds "10"]
[EventCountry "BRA"]

1. e4 c5 2. Nf3 d6 3. d4 cxd4 4. Nxd4 Nf6 5. Nc3 a6 6. Be3 Bd7 7. f3 Nc6 8. Qd2
b5 9. Nd5 Nxd5 10. Nxc6 Bxc6 11. exd5 Bd7 12. Be2 g6 13. O-O-O Bg7 14. h4 h5
15. g4 a5 16. gxh5 Rxh5 17. f4 Rh8 18. Bd4 Bxd4 19. Qxd4 Rf8 20. h5 gxh5 21.
Rxh5 Qc7 22. Rh8 Bf5 23. Bxb5+ Qd7 24. Rxf8+ Kxf8 25. Qh8# 1-0

[Event "VIII Floripa Chess Open 2022 - LIRA - m"]
[Site "Lira Tênis Clube - Florianó"]
[Date "2022.01.24"]
[Round "1.171"]
[White "Correa, Joao Pedro Vieira"]
[Black "Abilhoa, Felipe Auer"]
[Result "1-0"]
[WhiteElo "1864"]
[BlackElo "1800"]
[PlyCount "63"]
[EventDate "2022.01.24"]
[EventRounds "10"]
[EventCountry "BRA"]

1. d4 e6 2. c4 d5 3. Nc3 Bb4 4. Qa4+ Nc6 5. e3 Bxc3+ 6. bxc3 Bd7 7. cxd5 exd5
8. Qc2 Nge7 9. Bd3 g6 10. Ne2 O-O 11. Ng3 Qc8 12. f3 Bf5 13. e4 dxe4 14. fxe4
Qe6 15. O-O Bg4 16. h3 Bh5 17. Nxh5 gxh5 18. d5 Qd7 19. dxc6 Qxc6 20. Ba3 Rfe8
21. Qf2 Qxc3 22. Qxf7+ Kh8 23. Bxe7 Qg7 24. Bf6 Rg8 25. Bxg7+ Rxg7 26. Qxh5
Rag8 27. Rf2 Rg5 28. Qe2 Rg3 29. Bc4 Re8 30. Qb2+ Rg7 31. Rf7 Rf8 32. Qxg7# 1-0

[Event "VIII Floripa Chess Open 2022 - LIRA - m"]
[Site "Lira Tênis Clube - Florianó"]
[Date "2022.01.24"]
[Round "1.172"]
[White "Pereira, Fernanda De Andrade"]
[Black "Lazzarotto, Marcio"]
[Result "0-1"]
[WhiteElo "1800"]
[BlackElo "1864"]
[PlyCount "72"]
[EventDate "2022.01.24"]
[EventRounds "10"]
[EventCountry "BRA"]

1. e4 e5 2. Nf3 Nc6 3. Bb5 a6 4. Ba4 Nf6 5. Qe2 b5 6. Bb3 Be7 7. O-O d6 8. a4
b4 9. Bxf7+ Kxf7 10. Qc4+ Kf8 11. Qxc6 Bg4 12. Nh4 Rb8 13. Qc4 g5 14. Nf5 d5
15. Qb3 Bxf5 16. exf5 Qd7 17. Qg3 Qxf5 18. d3 Nh5 19. Qf3 Qxf3 20. gxf3 Kf7 21.
Re1 Bd6 22. b3 Rhe8 23. Nd2 Rb6 24. Bb2 Rc6 25. Rac1 Nf4 26. Kf1 Re6 27. Re3
Kf6 28. d4 exd4 29. Bxd4+ Kf5 30. Rxe6 Nxe6 31. Bb2 Bxh2 32. c4 bxc3 33. Rxc3
Rxc3 34. Bxc3 Be5 35. Ba5 c5 36. Ke2 Nd4+ 0-1

[Event "VIII Floripa Chess Open 2022 - LIRA - m"]
[Site "Lira Tênis Clube - Florianó"]
[Date "2022.01.24"]
[Round "1.173"]
[White "De Freitas, Isabella Ribeiro Co"]
[Black "Silva, Jeferson"]
[Result "1-0"]
[WhiteElo "1860"]
[BlackElo "1800"]
[PlyCount "85"]
[EventDate "2022.01.24"]
[EventRounds "10"]
[EventCountry "BRA"]

1. c4 Nf6 2. Nc3 c5 3. Nf3 Nc6 4. g3 g6 5. Bg2 Bg7 6. O-O d5 7. cxd5 Nxd5 8.
Qb3 Nc7 9. d3 O-O 10. Bf4 Ne6 11. Be3 b6 12. Ne5 Ncd4 13. Nc6 Nxb3 14. Nxd8
Nxa1 15. Bxa8 Rxd8 16. Rxa1 Ba6 17. Bc6 c4 18. dxc4 Bxc4 19. Rc1 Bd4 20. Bh6 f6
21. b3 Bxc3 22. bxc4 Bd4 23. Bd5 Kf7 24. Rd1 Ke8 25. Rd3 Rd6 26. Bxe6 Rxe6 27.
Rxd4 g5 28. h4 Kf7 29. hxg5 Kg6 30. f4 Rxe2 31. g4 Rxa2 32. Rd7 f5 33. gxf5+
Kxf5 34. Rxe7 Kg4 35. Rxh7 Kf3 36. Rd7 Rg2+ 37. Kh1 Rg4 38. f5 Rh4+ 39. Kg1
Rg4+ 40. Kf1 Rxc4 41. Ke1 Re4+ 42. Kd1 Kg4 43. f6 1-0

[Event "VIII Floripa Chess Open 2022 - LIRA - m"]
[Site "Lira Tênis Clube - Florianó"]
[Date "2022.01.24"]
[Round "1.174"]
[White "Esquinelato, Marcos Vinicius Mol"]
[Black "De Carvalho, Vitor Augusto Ponci"]
[Result "0-1"]
[WhiteElo "1800"]
[BlackElo "1858"]
[PlyCount "58"]
[EventDate "2022.01.24"]
[EventRounds "10"]
[EventCountry "BRA"]

1. e4 c5 2. Nf3 e6 3. d4 cxd4 4. Nxd4 Nc6 5. Nc3 Qc7 6. Be2 a6 7. Be3 Nf6 8.
Qd2 Bb4 9. f3 d5 10. a3 Bxc3 11. bxc3 dxe4 12. O-O e5 13. Nxc6 Qxc6 14. f4 exf4
15. Rxf4 O-O 16. c4 Bd7 17. Rb1 Ne8 18. Rb6 Qc7 19. Rxe4 Bc6 20. Rh4 Nf6 21.
Bd3 Rfe8 22. Bd4 Rad8 23. Rb3 Qe7 24. Kf2 Ne4+ 25. Rxe4 Bxe4 26. Be2 Bxc2 27.
Re3 Qh4+ 28. Kg1 Rxe3 29. Qxe3 Qxd4 0-1

[Event "VIII Floripa Chess Open 2022 - LIRA - m"]
[Site "Lira Tênis Clube - Florianó"]
[Date "2022.01.24"]
[Round "1.175"]
[White "Rodrigues, Nei Jorge"]
[Black "De Souza, Regis Gabetta"]
[Result "0-1"]
[WhiteElo "1858"]
[BlackElo "1800"]
[PlyCount "122"]
[EventDate "2022.01.24"]
[EventRounds "10"]
[EventCountry "BRA"]

1. d4 Nf6 2. Nf3 e6 3. c4 d5 4. Nc3 a6 5. cxd5 exd5 6. Bg5 Be7 7. e3 O-O 8. Qc2
Nc6 9. a3 Re8 10. Be2 h6 11. Bh4 Be6 12. O-O Nd7 13. Bg3 Nb6 14. b3 Rc8 15.
Rfd1 Bf6 16. Rab1 Qe7 17. b4 g6 18. Qb3 Bf5 19. Rbc1 Red8 20. Na4 Nxa4 21. Qxa4
Bd7 22. Qb3 Be8 23. Rc5 Qe6 24. Rc3 g5 25. Qc2 Bg7 26. Bd3 Bd7 27. h3 Bf8 28.
e4 dxe4 29. Bxe4 f5 30. d5 Qxe4 31. dxc6 Qxc2 32. Rxc2 Bxc6 33. Rxd8 Rxd8 34.
Bxc7 Rd1+ 35. Kh2 Bxf3 36. gxf3 Rd3 37. f4 Rxa3 38. fxg5 hxg5 39. Ba5 Bd6+ 40.
Kg2 Rb3 41. Rc4 Kf7 42. h4 g4 43. Rd4 Ke6 44. Rd1 Bxb4 45. Bc7 b5 46. Rd8 Be7
47. Ra8 Bxh4 48. Rxa6+ Kd5 49. Rh6 Be7 50. Rh5 Rf3 51. Rh7 Bc5 52. Bg3 f4 53.
Rh5+ Kc6 54. Rh6+ Kb7 55. Bh4 Rh3 56. Rh7+ Kc6 57. Rh6+ Kd5 58. Rh7 f3+ 59. Kg1
g3 60. Rh5+ Kc4 61. Rf5 Bxf2+ 0-1

[Event "VIII Floripa Chess Open 2022 - LIRA - m"]
[Site "Lira Tênis Clube - Florianó"]
[Date "2022.01.24"]
[Round "1.176"]
[White "Mauro, Roberto Da Silva"]
[Black "Marques, Eudes Pinto"]
[Result "1-0"]
[WhiteElo "1800"]
[BlackElo "1857"]
[PlyCount "55"]
[EventDate "2022.01.24"]
[EventRounds "10"]
[EventCountry "BRA"]

1. d4 Nf6 2. c4 e6 3. Nc3 d5 4. Nf3 c6 5. Bg5 Be7 6. e3 Nfd7 7. h4 h6 8. Bf4
Nf6 9. Bd3 Nbd7 10. Ne5 Nxe5 11. dxe5 Nd7 12. Qg4 Kf8 13. Rd1 f6 14. Bg6 Nxe5
15. Bxe5 fxe5 16. e4 d4 17. O-O Bf6 18. f4 Qc7 19. Ne2 exf4 20. Nxf4 Ke7 21.
Bh5 e5 22. Ng6+ Kd6 23. Rxd4+ Kc5 24. b4+ Kxb4 25. Qg3 Kc5 26. Qa3+ Kxd4 27.
Rd1+ Kxc4 28. Be2# 1-0

[Event "VIII Floripa Chess Open 2022 - LIRA - m"]
[Site "Lira Tênis Clube - Florianó"]
[Date "2022.01.24"]
[Round "1.177"]
[White "De Siqueira, Luigy Lira"]
[Black "Herai, Roberto Hirochi"]
[Result "1-0"]
[WhiteElo "1853"]
[BlackElo "1800"]
[PlyCount "79"]
[EventDate "2022.01.24"]
[EventRounds "10"]
[EventCountry "BRA"]

1. e4 g6 2. d4 d6 3. Nc3 Bg7 4. Be3 e5 5. Nge2 Ne7 6. Qd2 O-O 7. O-O-O f5 8.
dxe5 Bxe5 9. Bd4 Nbc6 10. Bxe5 Nxe5 11. Nd4 fxe4 12. Nxe4 d5 13. Nc3 c6 14. h4
Nf5 15. h5 Nxd4 16. Qxd4 Qg5+ 17. Kb1 Rf4 18. Qd2 Bg4 19. g3 Rf5 20. f4 Qd8 21.
fxe5 Bxd1 22. Qxd1 g5 23. e6 Qf6 24. Bh3 Rf2 25. Re1 Rf8 26. a3 Qe7 27. Qd4 b6
28. Qe5 b5 29. Ne2 b4 30. Nd4 bxa3 31. Nxc6 Qc5 32. Qxg5+ Kh8 33. Qe5+ Kg8 34.
Qc3 a2+ 35. Ka1 Qxc3 36. bxc3 Rxc2 37. e7 Re8 38. Be6+ Kg7 39. Bd7 Kf7 40. Rf1+
1-0

[Event "VIII Floripa Chess Open 2022 - LIRA - m"]
[Site "Lira Tênis Clube - Florianó"]
[Date "2022.01.24"]
[Round "1.178"]
[White "Iensue, Valentina Telman"]
[Black "Moro, Antonio Renato Pere"]
[Result "0-1"]
[WhiteElo "1800"]
[BlackElo "1853"]
[PlyCount "24"]
[EventDate "2022.01.24"]
[EventRounds "10"]
[EventCountry "BRA"]

1. e4 c5 2. Nf3 Nc6 3. Bd3 d6 4. O-O Bg4 5. Qe2 a6 6. b3 Nd4 7. Qe3 g6 8. Bb2
Bh6 9. Qe1 Bxf3 10. Bxd4 e6 11. Nc3 Qg5 12. Qe3 Qxg2# 0-1

[Event "VIII Floripa Chess Open 2022 - LIRA - m"]
[Site "Lira Tênis Clube - Florianó"]
[Date "2022.01.24"]
[Round "1.179"]
[White "Felix, Raimundo Nascimento"]
[Black "Vaz, Vania Dora Madona"]
[Result "1-0"]
[WhiteElo "1849"]
[BlackElo "1800"]
[PlyCount "87"]
[EventDate "2022.01.24"]
[EventRounds "10"]
[EventCountry "BRA"]

1. e4 e6 2. d4 d5 3. Nd2 c5 4. exd5 exd5 5. Ngf3 Nf6 6. dxc5 Bxc5 7. Nb3 Be7 8.
Bd3 O-O 9. O-O Nc6 10. Re1 a6 11. Be3 Nb4 12. c3 Nxd3 13. Qxd3 Ne4 14. Rad1 Be6
15. Nbd4 Nc5 16. Qe2 Bg4 17. h3 Bh5 18. Nf5 Bd6 19. Nxd6 Qxd6 20. c4 Ne6 21.
Rxd5 Bxf3 22. Rxd6 Bxe2 23. Rxe2 Rfe8 24. Rd7 Nc5 25. Rc7 b6 26. Rd2 Rad8 27.
Rxd8 Rxd8 28. Bxc5 bxc5 29. Rxc5 Rd1+ 30. Kh2 Kf8 31. Kg3 Ke7 32. Ra5 Rd3+ 33.
f3 Rd6 34. b3 g6 35. Kf4 Ke6 36. g4 f6 37. h4 Rd4+ 38. Ke3 Rd6 39. Ke4 h6 40.
f4 f5+ 41. gxf5+ gxf5+ 42. Rxf5 Rd4+ 43. Kxd4 Kxf5 44. c5 1-0

[Event "VIII Floripa Chess Open 2022 - LIRA - m"]
[Site "Lira Tênis Clube - Florianó"]
[Date "2022.01.24"]
[Round "1.180"]
[White "Soares, Vinicius Tuma"]
[Black "Ribeiro, Pablyto Robert Baio"]
[Result "0-1"]
[WhiteElo "1800"]
[BlackElo "1849"]
[PlyCount "40"]
[EventDate "2022.01.24"]
[EventRounds "10"]
[EventCountry "BRA"]

1. d4 d5 2. Nf3 Bf5 3. Nc3 e6 4. Bf4 Bd6 5. e3 Nf6 6. Be2 c6 7. O-O Qc7 8. Qc1
Nbd7 9. Rd1 O-O 10. Rb1 Rfe8 11. Re1 e5 12. dxe5 Nxe5 13. Bxe5 Bxe5 14. Nxe5
Qxe5 15. Na4 Bg4 16. Bf1 Bh5 17. Qd2 Bg6 18. Rbc1 Ng4 19. Be2 Qxh2+ 20. Kf1
Qh1# 0-1

[Event "VIII Floripa Chess Open 2022 - LIRA - m"]
[Site "Lira Tênis Clube - Florianó"]
[Date "2022.01.24"]
[Round "1.181"]
[White "Da Silva, Vinicius R. Rodrigu"]
[Black "Lima, Yuri Ramos Santos"]
[Result "1-0"]
[WhiteElo "1846"]
[BlackElo "1800"]
[PlyCount "69"]
[EventDate "2022.01.24"]
[EventRounds "10"]
[EventCountry "BRA"]

1. c4 e5 2. g3 Nc6 3. Bg2 Nf6 4. Nf3 d6 5. O-O Be7 6. b3 O-O 7. Bb2 Bf5 8. Nc3
Qd7 9. Re1 Bh3 10. Bh1 h6 11. d3 Rab8 12. Qc2 Nb4 13. Qd2 c5 14. Rad1 a6 15. e3
Bg4 16. a3 Nc6 17. Qc2 Qf5 18. Qe2 Rfe8 19. Rb1 Qh5 20. Nd5 Bd8 21. e4 Nh7 22.
Qe3 Bg5 23. Nxg5 Nxg5 24. f4 Nh3+ 25. Kf1 Nd4 26. Bxd4 exd4 27. Qd2 Bf3 28. Bg2
Kh8 29. Bxh3 Qxh3+ 30. Kg1 h5 31. Rf1 Bg4 32. f5 Bf3 33. Rxf3 Qg4 34. Rbf1 h4
35. Rf4 1-0

[Event "VIII Floripa Chess Open 2022 - LIRA - m"]
[Site "Lira Tênis Clube - Florianó"]
[Date "2022.01.24"]
[Round "1.182"]
[White "De Oliveira, Yuri Crisostomo"]
[Black "Luz, Jhonatan Rodrigues "]
[Result "1/2-1/2"]
[WhiteElo "1797"]
[BlackElo "1845"]
[PlyCount "64"]
[EventDate "2022.01.24"]
[EventRounds "10"]
[EventCountry "BRA"]

1. c4 Nf6 2. Nc3 g6 3. g3 Bg7 4. Bg2 O-O 5. d4 c6 6. Nf3 d5 7. cxd5 cxd5 8. O-O
Bg4 9. Bg5 Bxf3 10. Bxf3 e6 11. Rc1 a6 12. e3 Nbd7 13. Na4 b6 14. Bxf6 Nxf6 15.
Qd3 Nd7 16. Rc2 b5 17. Nc5 Nxc5 18. dxc5 Qa5 19. Qa3 Qxa3 20. bxa3 f5 21. Rfc1
Rfc8 22. c6 Rc7 23. Bg2 Rac8 24. Bf1 Ra8 25. h4 Kf7 26. Be2 Ke7 27. a4 b4 28.
Rb1 Kd6 29. Rxb4 Rxc6 30. Rxc6+ Kxc6 31. a5 $11 Ra7 32. Rb6+ Kd7 $11 1/2-1/2

[Event "VIII Floripa Chess Open 2022 - LIRA - m"]
[Site "Lira Tênis Clube - Florianó"]
[Date "2022.01.24"]
[Round "1.183"]
[White "Borges, Lucas Silvestre"]
[Black "Manfroi, Alexander Giannini"]
[Result "1-0"]
[WhiteElo "1841"]
[BlackElo "1793"]
[PlyCount "147"]
[EventDate "2022.01.24"]
[EventRounds "10"]
[EventCountry "BRA"]

1. d4 d5 2. Bg5 c6 3. Nd2 Nf6 4. e3 Bf5 5. c4 e6 6. Qb3 Qb6 7. c5 Qxb3 8. axb3
Nbd7 9. Ngf3 a6 10. b4 Rc8 11. Be2 h6 12. Bh4 g5 13. Bg3 Nh5 14. Nb3 Nxg3 15.
hxg3 Bg7 16. Na5 Rc7 17. Nd2 e5 18. Ndb3 O-O 19. Kd2 Re8 20. Bd3 Bxd3 21. Kxd3
exd4 22. exd4 Nf8 23. Rae1 Re6 24. Re3 Rce7 25. Rhe1 Ng6 26. Nd2 Kf8 27. Nf3
Ke8 28. Nb3 Kd7 29. Na5 Kc7 30. Nb3 Rxe3+ 31. Rxe3 Bf6 32. Ne1 Re6 33. Nc2 Ne7
34. g4 Bg7 35. Nd2 Ng6 36. g3 Ne7 37. Rf3 Rf6 38. Rxf6 Bxf6 39. Ne3 b6 40. Nb3
b5 41. Nc1 Kd7 42. Ne2 Ke6 43. Nc1 Bg7 44. Nb3 f5 45. gxf5+ Nxf5 46. g4 Nh4 47.
Na5 Kd7 48. Nb7 Nf3 49. Nf5 Bf8 50. Na5 Nh2 51. Ne3 Bg7 52. Nb3 Nf3 53. Ng2 Ke6
54. Ke3 Nh2 55. f3 Kf7 56. Kf2 Kg6 57. Ne3 Nxg4+ 58. fxg4 h5 59. gxh5+ Kxh5 60.
Nxd5 Kg4 61. Ne7 Kh3 62. Nf5 Bf6 63. Kf3 g4+ 64. Ke4 g3 65. Nxg3 Kxg3 66. Na5
Kf2 67. Kd3 Ke1 68. Nxc6 Kd1 69. Nb8 Kc1 70. Nxa6 Kxb2 71. c6 Bd8 72. c7 Bxc7
73. Nxc7 Kb3 74. Na6 1-0

[Event "VIII Floripa Chess Open 2022 - LIRA - m"]
[Site "Lira Tênis Clube - Florianó"]
[Date "2022.01.24"]
[Round "1.184"]
[White "Arantes, Carlos Eduardo Gonc"]
[Black "Dias, Marcelo De Souza"]
[Result "0-1"]
[WhiteElo "1779"]
[BlackElo "1840"]
[PlyCount "86"]
[EventDate "2022.01.24"]
[EventRounds "10"]
[EventCountry "BRA"]

1. e4 c5 2. c3 Nf6 3. e5 Nd5 4. d4 cxd4 5. cxd4 Nc6 6. Nf3 d6 7. Be2 Bg4 8. O-O
e6 9. Nc3 Nxc3 10. bxc3 dxe5 11. dxe5 Qxd1 12. Rxd1 Rd8 13. Bf4 Bc5 14. Rxd8+
Kxd8 15. Rb1 Kc7 16. Kf1 h6 17. Nd2 Bf5 18. Rb5 b6 19. g4 Bh7 20. h4 Rd8 21.
Rb2 Ba3 22. Rb3 Bc1 23. Ke1 Bc2 24. g5 hxg5 25. Bxg5 Bxd2+ 26. Bxd2 Bxb3 27.
axb3 Nxe5 28. Bf4 f6 29. Bc4 Kd7 30. Bb5+ Ke7 31. Ke2 Rd5 32. c4 Rd4 33. Bg3
Re4+ 34. Kd2 Rg4 35. Ke3 Kd6 36. Be8 Kc5 37. Bh5 Rd4 38. Be2 Rd8 39. f4 Nc6 40.
Be1 Nd4 41. Bd1 Nf5+ 42. Ke2 Kd4 43. Bf2+ Ke4 0-1

[Event "VIII Floripa Chess Open 2022 - LIRA - m"]
[Site "Lira Tênis Clube - Florianó"]
[Date "2022.01.24"]
[Round "1.185"]
[White "Quiroga, Angel"]
[Black "De Almeida, Leticia Moraes"]
[Result "1-0"]
[WhiteElo "1837"]
[BlackElo "1771"]
[PlyCount "40"]
[EventDate "2022.01.24"]
[EventRounds "10"]
[EventCountry "BRA"]

1. d4 d6 2. c4 e6 3. Nc3 a6 4. e4 c6 5. f4 Be7 6. Nf3 Nd7 7. Bd3 Nb6 8. O-O Nf6
9. Qc2 g6 10. e5 Ng4 11. exd6 Bxd6 12. c5 Nd5 13. Nxd5 cxd5 14. cxd6 Qxd6 15.
Ne5 Nf6 16. Bd2 b5 17. Rac1 Qb8 18. Bb4 a5 19. Qc6+ Nd7 20. Bd6 Qb7 1-0

[Event "VIII Floripa Chess Open 2022 - LIRA - m"]
[Site "Lira Tênis Clube - Florianó"]
[Date "2022.01.24"]
[Round "1.186"]
[White "Santana, Luiz Alberto"]
[Black "Gatelli, Jacson Henrique"]
[Result "0-1"]
[WhiteElo "1770"]
[BlackElo "1835"]
[PlyCount "55"]
[EventDate "2022.01.24"]
[EventRounds "10"]
[EventCountry "BRA"]

1. d4 d5 2. Nf3 Nf6 3. e3 c6 4. c4 e6 5. Nbd2 Be7 6. b3 Nbd7 7. Bb2 a5 8. Be2
O-O 9. O-O Bd6 10. Ne5 Qc7 11. Ndf3 Ne4 12. c5 Bxe5 13. dxe5 Ndxc5 14. Rc1 b6
15. Bd4 Nd7 16. Nd2 Nxd2 17. Qxd2 c5 18. f4 Ba6 19. Bxa6 Rxa6 20. Bb2 b5 21.
Qe2 c4 22. a3 Nc5 23. b4 axb4 24. axb4 Ne4 25. Rc2 Rfa8 26. Rfc1 Qe7 27. Bd4
Qxb4 28. Rb2 0-1

[Event "VIII Floripa Chess Open 2022 - LIRA - m"]
[Site "Lira Tênis Clube - Florianó"]
[Date "2022.01.24"]
[Round "1.187"]
[White "Maia, Jonathan Cesar"]
[Black "Carvalho, Kayle Fabricio Amor"]
[Result "1-0"]
[WhiteElo "1832"]
[BlackElo "1768"]
[PlyCount "41"]
[EventDate "2022.01.24"]
[EventRounds "10"]
[EventCountry "BRA"]

1. d4 d5 2. Bf4 e6 3. Nf3 Nf6 4. e3 Nbd7 5. Bd3 Be7 6. Nbd2 O-O 7. Ne5 c5 8. c3
Re8 9. Qf3 Nf8 10. g4 Ng6 11. Nxf7 Kxf7 12. g5 Nxf4 13. Qxf4 Qd6 14. Qf3 g6 15.
h4 Kg7 16. gxf6+ Bxf6 17. h5 Rf8 18. hxg6 Bh4 19. Qh5 Bxf2+ 20. Ke2 Qg3 21.
Qh6+ 1-0

[Event "VIII Floripa Chess Open 2022 - LIRA - m"]
[Site "Lira Tênis Clube - Florianó"]
[Date "2022.01.24"]
[Round "1.189"]
[White "Baeta, Marcio Netto"]
[Black "Kayser, Gustavo Warmling"]
[Result "0-1"]
[WhiteElo "1831"]
[BlackElo "1766"]
[PlyCount "100"]
[EventDate "2022.01.24"]
[EventRounds "10"]
[EventCountry "BRA"]

1. e4 e5 2. f4 exf4 3. Bc4 Nc6 4. Nf3 g5 5. d4 Bg7 6. O-O d6 7. c3 h6 8. Qb3
Qe7 9. e5 dxe5 10. Bb5 Bd7 11. dxe5 O-O-O 12. Nbd2 Qc5+ 13. Kh1 Nxe5 14. Bxd7+
Rxd7 15. Nxe5 Bxe5 16. Nf3 Bg7 17. Bd2 Nf6 18. Rae1 Ng4 19. h3 Nf2+ 20. Kh2 g4
21. Nd4 g3+ 22. Kg1 Bxd4 23. cxd4 Qxd4 24. Re2 Nxh3+ 25. Kh1 Nf2+ 26. Rexf2
gxf2 27. Bc3 Qd3 28. Rxf2 Qd1+ 29. Qxd1 Rxd1+ 30. Kh2 Rh7 31. Rxf4 Kd7 32. Rf6
h5 33. g3 Ke7 34. Rf4 Rd3 35. Bf6+ Ke6 36. Kh3 Rh6 37. Bc3 Rg6 38. Re4+ Kd6 39.
Be1 Re6 40. Rxe6+ Kxe6 41. Kh4 Re3 42. Bd2 Re2 43. Bc3 Kf5 44. Kh3 c5 45. a4
Rc2 46. Bg7 f6 47. Bf8 c4 48. Ba3 a5 49. g4+ hxg4+ 50. Kg3 Kg5 0-1